000 00657nam a2200253Ia 4500
003 OSt
005 20221006145145.0
006 a|||||r|||| 00| 0
007 ta
008 221006b |||||||| |||| 00| 0 eng d
020 _a0706923359
_c95.00
024 _a13,965
037 _cTextual
040 _aEASL
_cEASL
_beng
041 _2eng
_aeng
082 _aV95:191.N8, M3
100 _aKAUSHIK Devendra
245 0 _aIndian ocean
_b Strategic dimension
260 _aDelhi
_bVikas Pub.
_c1983
300 _a107p.
_ccm.
490 _v Oth
942 _hV95:191.N8, M3
_cTEXL
_2CC
999 _c1082051
_d1082051